000
00262nam a2200109Ia 4500
008
220204s9999 xx 000 0 und d
082
_a
546
_b
HUH
100
_a
Huhey, J E
245
0
_a
Inorganic chemistry
260
_a
New york
_b
Harper and Row
_c
1972
942
_c
BK
999
_c
23653
_d
23653